00431nam a2200109Ia 4500008004100000100002900041245010800070260002900178300001700207650001500224856008200239160712s9999 xx 000 0 und d ade Paz, Elisa Dominguez. cElisa Dominguez de PazaEl Componente Dramatico-musical en una pieza breve de Melchor Fernandez de Leon c2011bHumanities Diliman avol. 8 no. 2 xHUMANITIES uhttp://journals.upd.edu.ph/index.php/humanitiesdiliman/issue/view/305/showToc